00415nam a2200109Ia 4500008004100000040004400041100002500085245011000110260003500220300003500255999001500290180412s9999||||xx |||||||||||||| ||und|| aAhmadu Bello University Library - Zaria aCarlson, Thorsten R. 0aAdministrators and reading. A project of the International Reading AssociationcThorsten R. Carlson (ed.) aNew YorkbHarcourt Bracec1972 ax, 275p.: ill., diagr., table. c6952d6952